01129 2200217 4500001002100000005001500021035002000036245007200056100002000128250000600148300004100154856000900195700001800204260003100222082000800253084001400261020001800275650001600293520058800309990001400897INLIS00000000000836520260331095954 a0010-03260003471 aAkses Vena Sentral :bPerawatan dan Tata laksana /cLisa Doungherty0 aLisa Doungherty a- a228 hlm :bIlustrasi ;c20 x14 cme- aUmum0 aIkra Firdausy aJakarta :bErlangga,c2008 a610 a610 LIS a a1 4051-1952-7 4aImu Terapan aAlata akses vena sentral venous acces telah banyak di gunakan,baik di rumah sakit maupun di pelayanan kesehatan komunitas,untuk memberikan darah atau cairan ,untuk memberikan akses jangka panjang pada transfusi darah atau pemberian darah berulang,kemotrafinutrisi parentral dan terapi antibiotik, serta untuk memberikan akses segerapada kondisi darurat.Akses Vena Sentral merupakan panduan bagi perawatan dan tata laksana yang di tujukan bagi mahasdiswa keperawatan ,perawat berkulifikasi yang masih baru,serta perawat yang lebih berpengalaman yang kurang pamiliar dengan (vad) ini. aIT2008207